000 01086nam a2200241Ia 4500
001 256
003 GE_BSU
008 181216s||||||||xx |||||||||||||| ||und||
040 _cGE_BSU
080 _a008
100 _aავალიანი, ეკა. გვალია, ტარიელ.
245 _aკულტურისა და ცივილიზაციის ცნებათა ინტერპრეტაციის საკითხისათვის.
245 _cრედ. ლორთქიფანიძე გურამ
250 _aმე-2 შევს.და შესწ.გამოვც.
260 _aთბილისი
260 _bუნივერსიტეტის გამომცემლობა
260 _c1997
300 _a23 გვ.
541 _h1 ლ.
653 _aკულტურა
653 _aკულტურისა და ცივილიზაციის ცნებათა ინტერპრეტაციის საკითხისათვის
942 _cBK
999 _c34506
_d34506